Statistics for Elements by First and Last Letter

Click here to take the quiz!

General Stats

  • This quiz has been taken 85 times
  • The average score is 16 of 22

Answer Stats

First LetterAnswerLast Letter% Correct
ZZincC
100%
UUraniumM
91%
IIodineE
84%
AArgonN
83%
NNickelL
83%
AArsenicC
79%
RRadonN
79%
FFluorineE
78%
KKryptonN
77%
ZZirconiumM
77%
PPhosphorusS
74%
CCopperR
71%
MMercuryY
71%
CCobaltT
70%
IIronN
70%
MManganeseE
66%
AAntimonyY
65%
OOsmiumM
62%
CChlorineE
61%
BBromineE
57%
SSiliconN
57%
AAstatineE
45%

Score Distribution

Percentile by Number Answered

Percent of People with Each Score

Your Score History

You have not taken this quiz